000 00347nas a2200157 a 4500
001 34263
003 100973
005 20201118101041.0
008 ||||||n9999 ||| || ||
041 _aeng
245 0 _aTime - Vol.146 No.1-25
260 _aEstados Unidos :
_bTime,
_c1995.
562 _e1
773 _021966
_aTime
942 _cSISS
999 _c34263
_d34263